|
|
|
|
| LEADER |
01335nam a2200301 u 4500 |
| 001 |
10024085 |
| 003 |
upatras |
| 005 |
20210416115713.0 |
| 008 |
950405s1969 us eng |
| 952 |
|
|
|0 0
|1 0
|4 0
|6 530_145000000000000_MIG
|7 0
|9 193011
|a PHYS
|b PHYS
|d 2016-04-24
|i 00421
|l 0
|o 530.145 MIG
|p 025000018158
|r 2016-04-24 00:00:00
|t 1
|w 2016-04-24
|y BK15
|
| 952 |
|
|
|0 0
|1 0
|4 0
|6 530_145000000000000_MIG
|7 0
|9 193012
|a PHYS
|b PHYS
|d 2016-04-24
|i 03288
|l 0
|o 530.145 MIG
|p 025000138937
|r 2016-04-24 00:00:00
|t 2
|w 2016-04-24
|y BK15
|
| 999 |
|
|
|c 118363
|d 118363
|
| 040 |
|
|
|a GR-PaULI
|c GR-PaULI
|
| 041 |
0 |
|
|a eng
|
| 050 |
|
4 |
|a 69-12568
|
| 100 |
1 |
|
|a Migdal, A. B.
|9 150365
|
| 245 |
1 |
0 |
|a Approximation methods in quantum mechanics /
|c A.B.Migdal, V.Krainov ; Translated by Anthony J.Leggett.
|
| 260 |
|
|
|a New York :
|b W.A.Benjamin,
|c 1969.
|
| 300 |
|
|
|a xi, 146 σ. :
|b εικ.
|
| 490 |
0 |
|
|a Frontiers in physics
|
| 500 |
|
|
|a Περιλαμβάνει ευρετήριο.
|
| 650 |
|
4 |
|9 7
|a Κβαντική θεωρία πεδίων
|
| 700 |
1 |
|
|a Leggett, Anthony J.
|9 150366
|
| 760 |
1 |
|
|a Frontiers in physics
|
| 852 |
|
|
|a GR-PaULI
|b ΠΑΤΡΑ
|b ΦΥΣΙΚΟ
|k ΑΕΧ-1
|h 530.145 MIG
|m 00421
|p 025000018158
|t 1
|
| 852 |
|
|
|a GR-PaULI
|b ΠΑΤΡΑ
|b ΦΥΣΙΚΟ
|k ΑΕΧ-1
|h 530.145 MIG
|m 03288
|p 025000138937
|t 2
|
| 942 |
|
|
|2 ddc
|c BK15
|
| 998 |
|
|
|c ΚΟΥΚΑΡΑΣ
|d 2007-11
|